书目信息 |
| 题名: |
鸦片在中国
|
|
| 作者: | 包利威 著 ;袁俊生 译 | |
| 分册: | ||
| 出版信息: | 北京 中国画报出版社 2017 |
|
| 页数: | 10,292页 | |
| 开本: | 24cm | |
| 丛书名: | ||
| 单 册: | ||
| 中图分类: | F752.9 | |
| 科图分类: | ||
| 主题词: | 鸦片贸易--贸易史--中国--1750-1950 | |
| 电子资源: | ||
| ISBN: | 978-7-5146-1426-8 | |
| 000 | 01617nam0 2200289 450 | |
| 001 | 012001004686 | |
| 005 | 20140928162350.0 | |
| 010 | @a978-7-5146-1426-8@dCNY78.00 | |
| 100 | @a20170802d2017 em y0chiy50 ea | |
| 101 | 1 | @achi@cfre |
| 102 | @aCN@b110000 | |
| 105 | @aa z 000yy | |
| 106 | @ar | |
| 200 | 1 | @a鸦片在中国@9ya pian zai zhong guo@e1750-1950@e全景插图版@f(法)包利威著@g袁俊生译 |
| 210 | @a北京@c中国画报出版社@d2017 | |
| 215 | @a10,292页@d24cm | |
| 312 | @a封面法文题名:L'opium une passion Chinoise: 1750-1950 | |
| 314 | @a包利威 (Xavier Paules),1998年毕业于巴黎高等师范学院,获历史学学士学位,专攻中国史。1998-2000年在广州中山大学教法语。返法后,从师法国汉学家安克强教授,攻读博士学位。2005年3月获得博士学位。先后发表了三部研究专著:《一种垂危的毒品史:1906-1936年间广州的鸦片》、《鸦片在中国:1750-1950》、《从鸦片战争至当下的中国》。 | |
| 314 | @a袁俊生,1978年毕业于北京第二外国语学院并留校任教。1979-1984年曾在联合国教科文组织总部(巴黎)工作,现在浙江越秀外国语学院任副教授。主要译著有长篇小说《约翰·克利斯朵夫》,中短篇小说《唬——小黑猫成长记》《说烦了爱》等。 | |
| 330 | @a本书讲述了1750至1950年,这200多年鸦片在中国的历史。主要内容包括:从制作烟膏到吸食鸦片;处于外交关系旋涡中的鸦片; 宏观经济影响;鸦片:内政的关键筹码;烟民:变化过程及特征;吸食鸦片的场所六章。 | |
| 510 | 1 | @aL'opium une passion Chinoise@e1750-1950@zfre |
| 606 | 0 | @a鸦片贸易@x贸易史@y中国@z1750-1950 |
| 690 | @aF752.9@v5 | |
| 701 | 0 | @c(法)@a包利威@9bao li wei@c(Paules, Xavier)@4著 |
| 702 | 0 | @a袁俊生@9yuan jun sheng@4译 |
| 801 | 0 | @aCN@b上海新华@c20180901 |
| 905 | @b1166760-4@dF752.9@e61@f5 | |
| 鸦片在中国:1750-1950:全景插图版/(法)包利威著/袁俊生译.-北京:中国画报出版社,2017 |
| 10,292页;24cm |
| ISBN 978-7-5146-1426-8:CNY78.00 |
| 本书讲述了1750至1950年,这200多年鸦片在中国的历史。主要内容包括:从制作烟膏到吸食鸦片;处于外交关系旋涡中的鸦片; 宏观经济影响;鸦片:内政的关键筹码;烟民:变化过程及特征;吸食鸦片的场所六章。 |
| ● |
| 相关链接 |
|
|
|
|
正题名:鸦片在中国
索取号:F752.9/61
 
预约/预借
| 序号 | 登录号 | 条形码 | 馆藏地/架位号 | 状态 | 备注 |
| 1 | 1166760 | 211667604 | 第一样本阅览室/ [索取号:F752.9/61] | 在馆 | |
| 2 | 1166761 | 211667613 | 密集书库-海洋学院/ [索取号:F752.9/61] | 在馆 | |
| 3 | 1166762 | 211667622 | 第一借阅区/ [索取号:F752.9/61] | 在馆 | |
| 4 | 1166763 | 211667631 | 第一借阅区/ [索取号:F752.9/61] | 在馆 | |
| 5 | 1166764 | 211667640 | 第一借阅区/ [索取号:F752.9/61] | 在馆 |